| 000 | 00773nam a2200241Ia 4500 | ||
|---|---|---|---|
| 003 | OSt | ||
| 005 | 20220918200346.0 | ||
| 006 | a|||||r|||| 00| 0 | ||
| 007 | ta | ||
| 008 | 220917b |||||||| |||| 00| 0 eng d | ||
| 024 | _a88,476 | ||
| 037 | _cTextual | ||
| 040 |
_aARTS _cARTS _beng |
||
| 041 |
_2eng _aeng |
||
| 082 | _aT4p5:N67, K8 | ||
| 110 |
_aConference ion minisers on e. duation of european member states of unesco on access to higher education (vienna) _993786 |
||
| 245 | 0 | _aProceedings | |
| 260 | _c1968 | ||
| 650 | _aHIGHER EDUCATION | ||
| 700 |
_aConference ion minisers on e. duation of european member states of unesco on access to higher education (vienna) _993787 |
||
| 942 |
_hT4p5:N67, K8 _cTEXL _2CC |
||
| 999 |
_c212164 _d212164 |
||